|
|
|
|
| LEADER |
01320pam a2200277 a 4500 |
| 001 |
3907769 |
| 003 |
GR-PaULI |
| 005 |
20210117210936.0 |
| 008 |
911211s1992 maua b 100 0 eng |
| 952 |
|
|
|0 0
|1 0
|2 ddc
|4 0
|6 Π_Σ_515_353000000000000_NON
|7 0
|8 NFIC
|9 234082
|a LISP
|b LISP
|c REF
|d 2019-07-18
|i 091837
|l 0
|o Π/Σ 515.353 NON
|p 025000039932
|r 2019-07-18 00:00:00
|t 1
|v 2019.00
|w 2019-07-18
|y BK15
|
| 999 |
|
|
|c 141988
|d 141988
|
| 010 |
|
|
|a 91044360
|
| 020 |
|
|
|a 0817635319
|
| 020 |
|
|
|a 3764335319
|
| 040 |
|
|
|a DLC
|c GR-PaULI
|d
|b gre
|e AACR2
|
| 082 |
0 |
4 |
|a 515.353
|2 23
|
| 245 |
0 |
0 |
|a Nonlinear diffusion equations and their equilibrium states, 3 :
|b proceedings from a conference held August 20-29, 1989, in Gregynog, Wales /
|c N.G. Lloyd ... [et al.], editors.
|
| 260 |
|
|
|a Boston :
|b Birkhäuser,
|c 1992.
|
| 300 |
|
|
|a x, 572 σ. :
|b εικ. ;
|c 25 εκ.
|
| 490 |
1 |
|
|a Progress in nonlinear differential equations and their applications
|v 7.
|
| 504 |
|
|
|a Περιλαμβάνει βιβλιογραφικές παραπομπές και ευρετήριο.
|
| 650 |
|
4 |
|a Εξισώσεις, Διαφορικές
|9 130
|
| 700 |
1 |
|
|a Lloyd, N. G.
|9 177221
|e επιμελητής.
|
| 830 |
|
0 |
|9 177216
|a Progress in nonlinear differential equations and their applications
|v 7.
|
| 942 |
|
|
|2 ddc
|c BKN
|
| 998 |
|
|
|c ΜΠΟΥΡΑΣ
|d 2019-07
|